000 00437nam a2200181Ia 4500
005 20250326144228.0
008 250326s9999 xx 000 0 und d
037 _aTextbook
040 _aFMSL
_beng
_cFMSL
041 _aeng
_2eng
084 _qFMSL
100 _aRees R D
_9281672
245 0 _aDetermats of UK imports
_cRees R D
260 _aNY
_bNY, HMSO
_c1971
300 _a25p
942 _cTB
999 _c1302895
_d1302895